| 000 | 01092cam a22002771 4500 | ||
|---|---|---|---|
| 001 | gs 40000095 | ||
| 003 | DLC | ||
| 005 | 20260227111345.0 | ||
| 008 | 720825s1939 xx 000 0 eng | ||
| 010 | _ags 40000095 | ||
| 035 | _a(OCoLC)391814 | ||
| 040 |
_aDLC _cOAU _dDLC |
||
| 042 | _apremarc | ||
| 050 | 0 | 0 |
_aQE299.5 _b.A32 no. 3 |
| 082 | _a555.95 | ||
| 100 | 1 | _aRichardson, James Alfred. | |
| 245 | 1 | 4 |
_aThe geology and mineral resources of the neighbourhood of Raub, Pahang, Federated Malay States, _bwith an account of the geology of the Raub Australian gold mine. |
| 260 |
_a[Singapore, _bPrinters, ltd., _c1939] |
||
| 300 |
_aix, 166 p. _billus., maps (2 fold., 1 in pocket) diagrs. _c27 cm. |
||
| 490 | 1 | _aMalay States, Federated. Geological Survey Dept. [Memoir no. 3] | |
| 504 | _aBibliography: p. 151-153. | ||
| 650 | 0 |
_aGeology _zFederated Malay States. |
|
| 650 | 0 |
_aMines and mineral resources _zFederated Malay States. |
|
| 650 | 0 |
_aGold mines and mining _zFederated Malay States. |
|
| 810 | 1 |
_aMalaya (Federation) _bGeological Survey Department. _tMemoir ; _vno. 3. |
|
| 999 |
_c27620 _d27620 |
||